Introduction to international political economy / (Record no. 8669)

MARC details
000 -LEADER
fixed length control field 01094nac a22002891u 4500
010 ## - LIBRARY OF CONGRESS CONTROL NUMBER
LC control number 2007015475
020 ## - INTERNATIONAL STANDARD BOOK NUMBER
International Standard Book Number 9780136155638
020 ## - INTERNATIONAL STANDARD BOOK NUMBER
International Standard Book Number 0136155634
035 ## - SYSTEM CONTROL NUMBER
System control number (OCoLC)ocn123232347
035 ## - SYSTEM CONTROL NUMBER
System control number (OCoLC)123232347
082 00 - DEWEY DECIMAL CLASSIFICATION NUMBER
Classification number 337
Item number BAL
090 ## - LOCALLY ASSIGNED LC-TYPE CALL NUMBER (OCLC); LOCAL CALL NUMBER (OCLC)
-- 8669
-- 8669
100 ## - MAIN ENTRY--PERSONAL NAME
Personal name Balaam, David N.,
245 10 - TITLE STATEMENT
Title Introduction to international political economy /
Statement of responsibility, etc David N. Balaam, Michael Veseth.
250 ## - EDITION STATEMENT
Edition statement 4th ed.
260 ## - PUBLICATION, DISTRIBUTION, ETC. (IMPRINT)
Place of publication, distribution, etc Upper Saddle River, N.J. :
Name of publisher, distributor, etc Pearson/Prentice Hall,c2008.
Date of publication, distribution, etc c2008.
300 ## - PHYSICAL DESCRIPTION
Extent xviii, 509 p. :
Other physical details ill. ;
Dimensions 24 cm.
500 ## - GENERAL NOTE
General note "In collaboration with Faculty of the International Political Economy Program, University of Puget Sound."
500 ## - GENERAL NOTE
General note Distributer: Baccah.
500 ## - GENERAL NOTE
General note International ed.
504 ## - BIBLIOGRAPHY, ETC. NOTE
Bibliography, etc Includes bibliographical references and index.
511 ## - PARTICIPANT OR PERFORMER NOTE
Participant or performer note Catalogued By: Mahitab.
650 #0 - SUBJECT ADDED ENTRY--TOPICAL TERM
Topical term or geographic name as entry element International economic relations.
700 1# - ADDED ENTRY--PERSONAL NAME
Personal name Veseth, Michael.
856 41 - ELECTRONIC LOCATION AND ACCESS
Materials specified Table of contents only
Uniform Resource Identifier <a href="http://www.loc.gov/catdir/toc/ecip0715/2007015475.html">http://www.loc.gov/catdir/toc/ecip0715/2007015475.html</a>
942 ## - ADDED ENTRY ELEMENTS (KOHA)
Item type Book - Borrowing
Call number prefix 337BAL
Holdings
Withdrawn status Item status Damaged status Not for loan Home library Current library Shelving location Date acquired Source of acquisition Total Checkouts Total Renewals Full call number Barcode Date last seen Date last borrowed Koha item type
        Central Library Central Library First floor 08/03/2017 Purchase 3 2 337BAL 000010660 15/07/2025 23/11/2022 Book - Borrowing